| 000 | 00488cam a22001577a 4500 | ||
|---|---|---|---|
| 008 | 180718b1997 xxu||||| |||| 00| 0 eng d | ||
| 020 | _a8186557105 | ||
| 082 | _aB131x54 M691 | ||
| 100 | _aMisra, Girish K. | ||
| 245 |
_aPublic-private sector interface and harmonization for urban development _cby Girish K. Misra |
||
| 260 |
_aDelhi _bDevika _c1997 |
||
| 300 | _a208p. | ||
| 650 | _aUrban policy - India | ||
| 650 | _aCities and towns - Growth - India | ||
| 650 | _aUrbanization - India | ||
| 999 |
_c483554 _d483554 |
||